Statistics for Countries that end with u

Click here to take the quiz!

General Stats

  • This quiz has been taken 54 times
  • The average score is 4 of 6

Answer Stats

Country% Correct
Tuvalu
85%
Vanuatu
85%
Palau
77%
Nauru
75%
Peru
62%
Guinea-Bissau
42%

Score Distribution

Percentile by Number Answered

Percent of People with Each Score

Your Score History

You have not taken this quiz